| 000 | 00810cam a2200277 4500 | ||
|---|---|---|---|
| 008 | |||
| 020 | _a0853241392 (pbk.) | ||
| 049 | _aMAIN | ||
| 090 |
_aRB37 _bZIL |
||
| 100 | 1 | _aZilva, Joan F. | |
| 245 | 1 | 0 |
_aClinical chemistry in diagnosis and treatment/ _cJoan F. Zilva and P. R. Pannall. |
| 250 | _a3rd. ed. | ||
| 260 |
_aLondon, _bLloyd-Luke, _c1979. |
||
| 300 |
_axix, 492 p. : _bill. ; _c21 cm. |
||
| 500 | _aIncludes index. | ||
| 504 | _aIncludes bibliographical references. | ||
| 650 | 0 | _aClinical chemistry. | |
| 650 | 0 | _aDiagnosis, Differential. | |
| 650 | 2 | _aChemistry, Clinical. | |
| 700 | 1 | _aPannall, P. R. | |
| 907 |
_a.b10326984 _b11-11-15 _c14-02-13 |
||
| 003 | |||
| 005 | 20230120204209.0 | ||
| 040 | _cNUST | ||
| 942 |
_cBOOKS _kRB37 _mZIL |
||
| 999 |
_c118879 _d118879 |
||